Η διδακτική προσέγγιση του μουσείου φυσικών επιστημών
Saved in:
| Main Author: | |
|---|---|
| Format: | Book |
| Language: | Greek |
| Published: |
Αθήνα :
Μεταίχμιο,
2005
|
| Edition: | 1η έκδ. |
| Series: | Επιστήμες της αγωγής
|
| Subjects: | |
| Tags: |
Add Tag
No Tags, Be the first to tag this record!
|
MARC
| LEADER | 00000nam a2200000 i 4500 | ||
|---|---|---|---|
| 001 | 1/20653 | ||
| 008 | 051212s2005 gre d | ||
| 020 | |a 960-375-784-5 | ||
| 035 | |l 10081670 | ||
| 040 | |a GR-MY-UA |b gre |e aacr | ||
| 041 | 0 | |a gre | |
| 082 | 0 | |a 372.357 |2 (22) | |
| 100 | 1 | |a Κολιόπουλος, Δημήτριος. | |
| 245 | 1 | 2 | |a Η διδακτική προσέγγιση του μουσείου φυσικών επιστημών / |c Δημήτρης Κολιόπουλος |
| 250 | |a 1η έκδ. | ||
| 260 | |a Αθήνα : |b Μεταίχμιο, |c 2005 | ||
| 300 | |a 227 σ.; |b εικ.; |c 24 εκ. | ||
| 490 | 1 | |a Επιστήμες της αγωγής/Διδακτική-Αναλυτικά προγράμματα-Αξιολόγηση | |
| 504 | |a Περιέχει βιβλιογραφία | ||
| 650 | 0 | 0 | |a Science |x Study and teaching. |
| 650 | 0 | 0 | |a Nature study. |
| 830 | 0 | |a Επιστήμες της αγωγής | |
| 852 | |a INST |b LESVOS |e 20051212 |h 372.357 ΚΟΛ |p 005100033795 |q 005100033795 |t BK |y 0 | ||
| 901 | |a BIBL1-2005-3 | ||
| 909 | |a Λ |b 125409 | ||
| 922 | |a 1ΕΛΗ |b 200511 |c ΤΑΚ/ΤΓ |d ΠΑΠΑΣΩΤΗΡΙΟΥ | ||
| 970 | |a ΚΑΡΑ |b ΓΙΑΣΕΜΗ |z 2005/12/12 | ||